000 00574nam a2200181Ia 4500
005 20250423101325.0
008 250422s9999 xx 000 0 und d
020 _a080613738X
050 _aPS3551 .N27 M36/
100 _aAnaya, Rudolfo A.
245 4 _aThe man who could fly and other stories
260 _aNorman
260 _b University of Oklahoma Press
260 _c2006
300 _a197 p
650 _a Mexican Americans--Fiction. Southwestern States--Social life and customs--Fiction. Mexico--Social life and customs--Fiction.
942 _cBK
999 _c35972
_d35972